[Event "Herren"]
[Site "?"]
[Date "1998.??.??"]
[Round "6.1"]
[White "Gruzmann, B."]
[Black "Bagirov, V."]
[Result "1/2-1/2"]
[WhiteElo "2260"]
[BlackElo "2480"]
[PlyCount "63"]
[EventDate "1998.??.??"]

1. e4 c6 2. d4 d5 3. e5 Bf5 4. h4 h5 5. c4 e6 6. Nc3 Ne7 7. Qb3 Qb6 8. c5 Qc7
9. Nge2 b6 10. cxb6 axb6 11. Nf4 Ng6 12. Be2 Nxf4 13. Bxf4 Nd7 14. Rc1 Qb7 15.
a3 Be7 16. Qd1 Bg6 17. Bd3 Bxd3 18. Qxd3 Qa6 19. Qg3 g6 20. Bg5 Bxg5 21. Qxg5
c5 22. Rh3 22... cxd4 { } 23. Nxd5 Qa5+ 24. Nb4 Qxe5+ 25. Qxe5 Nxe5 26. f4 Ng4
27. Rd1 O-O-O 28. Nc6 Rd6 29. Nxd4 Kb7 30. Rhd3 Rhd8 31. Ke2 Nf6 32. Nb5
1/2-1/2

[Event "Herren"]
[Site "?"]
[Date "1998.??.??"]
[Round "6.2"]
[White "Ivkov, B."]
[Black "Chernikov, O."]
[Result "1/2-1/2"]
[WhiteElo "2440"]
[BlackElo "2405"]
[PlyCount "65"]
[EventDate "1998.??.??"]

1. Nf3 c5 2. c4 Nc6 3. Nc3 Nf6 4. e3 e5 5. d4 e4 6. d5 exf3 7. dxc6 fxg2 8.
cxd7+ Qxd7 9. Qxd7+ Bxd7 10. Bxg2 O-O-O 11. b3 Bd6 12. Bb2 Rhe8 13. Nd5 Nxd5
14. Bxd5 f6 15. Rg1 Re7 16. h4 Bc6 17. Bxc6 bxc6 18. h5 Rf7 19. Rd1 Bf8 20.
Rxd8+ Kxd8 21. e4 Re7 22. f3 Re6 23. Ke2 Ke8 24. Ke3 Kf7 25. f4 f5 26. Be5 fxe4
27. Kxe4 Rh6 28. Rg5 g6 29. hxg6+ hxg6 30. Bb8 a6 31. Rg2 Be7 32. Be5 Rh1 33.
Bc3 1/2-1/2

[Event "Herren"]
[Site "?"]
[Date "1998.??.??"]
[Round "6.3"]
[White "Klovans, J."]
[Black "Reichenbach, W."]
[Result "1/2-1/2"]
[WhiteElo "2465"]
[BlackElo "2280"]
[PlyCount "96"]
[EventDate "1998.??.??"]

1. e4 e6 2. d4 d5 3. Nc3 Bb4 4. e5 c5 5. a3 Bxc3+ 6. bxc3 Ne7 7. Nf3 Nbc6 8. h4
Qa5 9. Bd2 Qc7 10. h5 h6 11. Bd3 c4 12. Be2 Bd7 13. Bf4 f5 14. exf6 Qxf4 15.
fxe7 Kxe7 16. g3 Qf6 17. Nh4 Be8 18. Rb1 b6 19. Ng2 Kd6 20. Nf4 Bf7 21. O-O g5
22. Ng2 Rhg8 23. Ne3 Kc7 24. Bg4 Rad8 25. Qd2 e5 26. Rbd1 Kb7 27. Rfe1 Rge8 28.
Kg2 Bg8 29. Be2 exd4 30. cxd4 Bh7 31. Ng4 Qd6 32. Qc3 Be4+ 33. Bf3 Bxf3+ 34.
Kxf3 Re4 35. Rxe4 dxe4+ 36. Kg2 b5 37. a4 a6 38. axb5 axb5 39. Rb1 Ka6 40. Ne3
Qxd4 41. Qa3+ Kb6 42. Qa4 b4 43. Ra1 Kc7 44. Qa6 44... Qc3 { } 45. Ra5 Nxa5 46.
Qxa5+ Kc8 47. Qc5+ Kb8 48. Qb5+ Kc8 1/2-1/2

[Event "Herren"]
[Site "?"]
[Date "1998.??.??"]
[Round "6.5"]
[White "Uhlmann, W."]
[Black "Kaminik, A."]
[Result "1-0"]
[WhiteElo "2460"]
[BlackElo "2200"]
[PlyCount "75"]
[EventDate "1998.??.??"]

1. c4 Nf6 2. Nc3 g6 3. e4 d6 4. d4 Bg7 5. Be2 O-O 6. Bg5 c5 7. dxc5 Qa5 8. Bd2
Qxc5 9. Nf3 Nc6 10. O-O Ne5 11. Nxe5 Qxe5 12. Qc2 Bg4 13. f3 Qc5+ 14. Kh1 Bd7
15. b4 Qc7 16. Rac1 Rfc8 17. Qb3 e6 18. Rfd1 Ne8 19. Bf4 a5 20. Nb5 Bxb5 21.
cxb5 Qd8 22. a4 Qf6 23. Be3 Rc3 24. Rxc3 Qxc3 25. Qxc3 Bxc3 26. bxa5 Bxa5 27.
b6 Bb4 28. Bb5 Kf8 29. Rc1 d5 30. e5 f6 31. exf6 Nd6 32. g4 Kf7 33. Bd3 Kxf6
34. g5+ Ke7 35. Rc7+ Kd8 36. Bd4 Rc8 37. Bf6+ Ke8 38. Bb5+ 1-0

[Event "Herren"]
[Site "?"]
[Date "1998.??.??"]
[Round "6.6"]
[White "Shestoperov, A."]
[Black "Scheipl, R."]
[Result "1-0"]
[WhiteElo "2415"]
[BlackElo "2270"]
[PlyCount "41"]
[EventDate "1998.??.??"]

1. d4 Nf6 2. c4 e6 3. Nf3 c5 4. e3 d5 5. Nc3 Nc6 6. a3 dxc4 7. Bxc4 cxd4 8.
exd4 Be7 9. O-O O-O 10. Re1 a6 11. Ba2 b5 12. d5 exd5 13. Nxd5 Nxd5 14. Qxd5
Bb7 15. Qh5 Qd6 16. Bg5 Rfd8 17. Rac1 Rd7 18. Bxe7 Rxe7 19. Rxe7 Qxe7 20. Re1
Qf6 21. Ng5 1-0

[Event "Herren"]
[Site "?"]
[Date "1998.??.??"]
[Round "6.7"]
[White "Semasev, K."]
[Black "Kraidman, Y."]
[Result "1/2-1/2"]
[WhiteElo "2275"]
[BlackElo "2335"]
[PlyCount "129"]
[EventDate "1998.??.??"]

1. e4 e5 2. Nf3 Nc6 3. Bb5 a6 4. Bxc6 dxc6 5. d4 exd4 6. Qxd4 Qxd4 7. Nxd4 Bd7
8. Be3 O-O-O 9. Nc3 Bb4 10. O-O-O Bxc3 11. bxc3 Ne7 12. Bf4 c5 13. Nb3 b6 14.
Rhe1 Ng6 15. Bg3 Be6 16. Rxd8+ Kxd8 17. a3 f6 18. Kd2 Kd7 19. Ke3 Kc6 20. Rd1
Re8 21. f3 Ne7 22. Nd2 Nc8 23. h4 Na7 24. a4 Rd8 25. Ra1 Kb7 26. Bf4 h5 27. Rg1
Bd7 28. Ra1 Nc6 29. Nc4 Be6 30. Nb2 Ne7 31. Rg1 Ng6 32. Bg3 Re8 33. Nd3 Bf7 34.
Rh1 Kc6 35. Bf4 Rd8 36. g4 hxg4 37. fxg4 c4 38. h5 cxd3 39. hxg6 Bc4 40. cxd3
Rxd3+ 41. Kf2 Be6 42. g5 f5 43. exf5 Bxf5 44. Be5 Rd7 45. Rh7 Bxg6 46. Rxg7
Rxg7 47. Bxg7 a5 48. Be5 Bc2 49. Ke3 Bxa4 50. Kd3 Kb7 51. g6 Be8 52. g7 Bg6+
53. Kd2 Bf7 54. Kc2 c5 55. Bd6 Kc6 56. Be7 Kd7 57. Bf6 b5 58. Bg5 b4 59. Be3
Kc6 60. Bg5 Bg8 61. Bd8 Kb5 62. Kb2 Bh7 63. Be7 a4 64. cxb4 cxb4 65. Bf6
1/2-1/2

[Event "Herren"]
[Site "?"]
[Date "1998.??.??"]
[Round "6.8"]
[White "Braun, G."]
[Black "Lipiniks, L."]
[Result "1-0"]
[WhiteElo "2325"]
[BlackElo "2155"]
[PlyCount "63"]
[EventDate "1998.??.??"]

1. e4 e5 2. Nf3 d6 3. d4 Nd7 4. Bc4 c6 5. O-O Be7 6. dxe5 dxe5 7. Ng5 Bxg5 8.
Qh5 Qe7 9. Bxg5 Ngf6 10. Qe2 h6 11. Bd2 b5 12. Bd3 Nc5 13. Nc3 O-O 14. f3 Rd8
15. Be3 b4 16. Nd1 Nxd3 17. cxd3 Ba6 18. Nf2 c5 19. Rfc1 Rac8 20. a3 Qd6 21.
axb4 cxb4 22. Rxc8 Rxc8 23. Qd1 Rc7 24. d4 Rd7 25. d5 Rb7 26. Qb3 Nh5 27. g3
Kh7 28. Nd3 Qf6 29. Kf2 Rc7 30. Nxe5 Qxe5 31. Rxa6 f5 32. Re6 1-0

[Event "Herren"]
[Site "?"]
[Date "1998.??.??"]
[Round "6.9"]
[White "Dornieden, M."]
[Black "Golyak, I."]
[Result "1/2-1/2"]
[WhiteElo "2270"]
[BlackElo "2290"]
[PlyCount "46"]
[EventDate "1998.??.??"]

1. g3 Nf6 2. Bg2 g6 3. e4 d6 4. d4 Bg7 5. Ne2 O-O 6. O-O e5 7. dxe5 dxe5 8.
Nbc3 Qxd1 9. Rxd1 c6 10. f3 Be6 11. Be3 Na6 12. Rd2 Rfe8 13. a3 Nd7 14. Rad1
Nb6 15. b3 Bf8 16. Nb1 Be7 17. Nc1 Rad8 18. Bf1 Rxd2 19. Rxd2 Nc5 20. Nd3 Nxd3
21. Rxd3 f5 22. Bh3 Kf7 23. Rd1 fxe4 1/2-1/2

[Event "Herren"]
[Site "?"]
[Date "1998.??.??"]
[Round "6.10"]
[White "Huguet, B."]
[Black "Zoltek, T."]
[Result "0-1"]
[WhiteElo "2135"]
[BlackElo "2285"]
[PlyCount "88"]
[EventDate "1998.??.??"]

1. c4 c5 2. Nc3 Nc6 3. g3 g6 4. Bg2 Bg7 5. d3 d6 6. e4 e5 7. Nge2 Nge7 8. O-O
O-O 9. Be3 Nd4 10. Qd2 Bh3 11. Bh6 Bxg2 12. Kxg2 f5 13. Bxg7 Kxg7 14. f3 a6 15.
Nxd4 cxd4 16. Nd5 b5 17. Nxe7 Qxe7 18. b3 bxc4 19. bxc4 Rab8 20. Rab1 Qc7 21.
Rxb8 Qxb8 22. Qc2 Qc8 23. Qe2 Qb7 24. g4 f4 25. Qc2 Rb8 26. Qa4 Kf6 27. Rf2 h5
28. h3 hxg4 29. hxg4 Kg5 30. Qa3 Qb6 31. Qa4 Rd8 32. Qa3 Qb1 33. Qb2 Rb8 34.
Qe2 a5 35. Qf1 a4 36. Rd2 Qxf1+ 37. Kxf1 Kh4 38. Ke2 a3 39. Rc2 Kg3 40. c5 dxc5
41. Rxc5 Rb2+ 42. Kd1 Kxf3 43. Rxe5 Ke3 44. Ra5 f3 0-1

[Event "Herren"]
[Site "?"]
[Date "1998.??.??"]
[Round "6.12"]
[White "Suetin, A."]
[Black "Ljuboshitz, A."]
[Result "1/2-1/2"]
[WhiteElo "2400"]
[BlackElo "2210"]
[PlyCount "24"]
[EventDate "1998.??.??"]

1. e4 g6 2. d4 Bg7 3. Nc3 d6 4. f4 a6 5. a4 Nc6 6. Be3 Nf6 7. Be2 O-O 8. e5
dxe5 9. dxe5 Qxd1+ 10. Rxd1 Ng4 11. Bxg4 Bxg4 12. Nge2 f6 1/2-1/2

[Event "Herren"]
[Site "?"]
[Date "1998.??.??"]
[Round "6.13"]
[White "Samuelsson, S."]
[Black "Arkhangelsky, B."]
[Result "0-1"]
[WhiteElo "2230"]
[BlackElo "2400"]
[PlyCount "124"]
[EventDate "1998.??.??"]

1. d4 d5 2. Nf3 c6 3. c4 e6 4. Qc2 Bd6 5. g3 f5 6. Bg2 Nf6 7. O-O O-O 8. b3 Qe7
9. Bb2 Ne4 10. Nc3 Nd7 11. Rad1 Ndf6 12. Ne5 Bd7 13. Nxd7 Qxd7 14. Nxe4 Nxe4
15. Bxe4 dxe4 16. e3 Qe7 17. f4 Rfd8 18. Kh1 a5 19. Rg1 Ba3 20. Ba1 a4 21. g4
axb3 22. axb3 Qf7 23. gxf5 exf5 24. d5 Bf8 25. Qc3 cxd5 26. cxd5 Ra6 27. Rg5
Rg6 28. Rxg6 Qxg6 29. Rg1 Qf7 30. d6 Rxd6 31. Qc8 Rg6 32. Rxg6 hxg6 33. Bd4
Qxb3 34. Qe8 Qf7 35. Qb8 Kh7 36. Qd8 Qe7 37. Qb8 Qb4 38. Qd8 Qd6 39. Qe8 Be7
40. Qf7 Bf6 41. Bxf6 Qxf6 42. Qxb7 Qa1+ 43. Kg2 Qd1 44. Qb6 Qe2+ 45. Kg1 Kh6
46. h3 Qf3 47. Kh2 Qf2+ 48. Kh1 Qg3 49. h4 Qxh4+ 50. Kg2 Qg4+ 51. Kh2 Qe2+ 52.
Kh1 Qh5+ 53. Kg2 Qg4+ 54. Kh2 Kh5 55. Qd4 Qe2+ 56. Kh3 Qf3+ 57. Kh2 Kg4 58. Qd2
g5 59. fxg5 Kxg5 60. Qd8+ Kg4 61. Qd4 Qe2+ 62. Kh1 Kh3 0-1

[Event "Herren"]
[Site "?"]
[Date "1998.??.??"]
[Round "6.14"]
[White "Borisenko, G."]
[Black "Ofstad, P."]
[Result "1/2-1/2"]
[WhiteElo "2375"]
[BlackElo "2185"]
[PlyCount "47"]
[EventDate "1998.??.??"]

1. d4 d5 2. c4 c6 3. Nc3 Nf6 4. Nf3 e6 5. Bg5 dxc4 6. e4 b5 7. e5 h6 8. Bh4 g5
9. Nxg5 hxg5 10. Bxg5 Nbd7 11. g3 Qb6 12. exf6 Bb7 13. Bg2 c5 14. d5 Bh6 15.
Bxh6 Rxh6 16. Qd2 Rh5 17. O-O-O Nxf6 18. g4 Rxd5 19. Nxd5 Nxd5 20. Qg5 Nb4 21.
Qg8+ Ke7 22. Qg5+ Ke8 23. Qg8+ Ke7 24. Qg5+ 1/2-1/2

[Event "Herren"]
[Site "?"]
[Date "1998.??.??"]
[Round "6.15"]
[White "Lapienis, D."]
[Black "Hoeschele, H."]
[Result "1-0"]
[WhiteElo "2305"]
[BlackElo "2084"]
[PlyCount "163"]
[EventDate "1998.??.??"]

1. d4 d5 2. c4 c6 3. Nf3 e6 4. Nc3 Nd7 5. e4 dxe4 6. Nxe4 Ngf6 7. Bd3 Nxe4 8.
Bxe4 Nf6 9. Bc2 Bb4+ 10. Bd2 Qa5 11. O-O Bxd2 12. Nxd2 O-O 13. c5 Qc7 14. Nc4
b6 15. Nd6 Ba6 16. Re1 Rfd8 17. Re3 Rxd6 18. cxd6 Qxd6 19. Bb3 Rd8 20. Qf3 Bb7
21. Rd1 Rd7 22. Qg3 Qxg3 23. hxg3 Kf8 24. f3 h5 25. Kf2 Ke7 26. Bc4 a6 27. Red3
Kd6 28. R3d2 Rd8 29. Bd3 Ra8 30. Be4 a5 31. Rc1 a4 32. Rdc2 Nd5 33. Bxd5 Kxd5
34. Rd2 Ba6 35. Re1 Kd6 36. Rc1 Bb5 37. Rc3 Rd8 38. Ra3 Ra8 39. b3 Ra5 40. Rb2
Kc7 41. Ke3 g6 42. Kf4 f6 43. Ke3 Ra8 44. bxa4 Bxa4 45. Rb4 b5 46. Rc3 Rd8 47.
Rb1 Ra8 48. a3 Kd6 49. Rbc1 Ra6 50. Kf2 Rb6 51. Re1 Rb8 52. Ke3 Re8 53. Kd2 Re7
54. Rce3 Re8 55. Kc3 Re7 56. Kb4 Bc2 57. Rc3 Ba4 58. Rec1 Rc7 59. Rc5 Rc8 60.
Ka5 Kd7 61. Kb6 b4 62. Ra5 Bb3 63. Kc5 bxa3 64. Rxa3 Bd5 65. Ra7+ Rc7 66. Rxc7+
Kxc7 67. Ra1 Kd7 68. Ra7+ Ke8 69. Rg7 g5 70. Rh7 g4 71. f4 Bxg2 72. Rxh5 Kf7
73. Rh4 Kg6 74. Rxg4+ Kf5 75. Rh4 Bf3 76. Kd6 Bd5 77. Rh6 Kg4 78. Rxf6 Kxg3 79.
f5 exf5 80. Rxf5 Be4 81. Rc5 Kf4 82. Rxc6 1-0

[Event "Herren"]
[Site "?"]
[Date "1998.??.??"]
[Round "6.16"]
[White "Hocevar, N."]
[Black "Baumgartner, H."]
[Result "1/2-1/2"]
[WhiteElo "2220"]
[BlackElo "2300"]
[PlyCount "31"]
[EventDate "1998.??.??"]

1. c4 e5 2. Nc3 Nf6 3. g3 c6 4. Nf3 e4 5. Nd4 d5 6. cxd5 Qb6 7. Nb3 cxd5 8. Bg2
Bf5 9. d3 Bb4 10. O-O Bxc3 11. bxc3 O-O 12. Be3 Qa6 13. Nc5 Qc6 14. Rc1 Nbd7
15. Nxd7 Qxd7 16. Bd4 1/2-1/2

[Event "Herren"]
[Site "?"]
[Date "1998.??.??"]
[Round "6.17"]
[White "Castillo Escudero, A."]
[Black "Jugow, A."]
[Result "1/2-1/2"]
[WhiteElo "2160"]
[BlackElo "2265"]
[PlyCount "88"]
[EventDate "1998.??.??"]

1. d4 Nf6 2. Nf3 g6 3. g3 Bg7 4. Bg2 O-O 5. O-O d6 6. a4 Bf5 7. a5 a6 8. Nbd2
Nc6 9. c3 Qd7 10. Re1 Bh3 11. Bh1 e5 12. dxe5 dxe5 13. Ng5 Rfd8 14. Nxh3 Qxh3
15. Bg2 Qh5 16. Qc2 Rab8 17. Ra4 g5 18. Nf1 Ne7 19. Ne3 g4 20. Nf1 c6 21. e4
Rd7 22. Ne3 Rbd8 23. Rb4 Bf8 24. Qb3 Rb8 25. Rc4 Rbd8 26. Rb4 Rb8 27. Nc4 Nc8
28. Ra4 Nd6 29. Nb6 Re7 30. Be3 Re6 31. Qd1 Rd8 32. Qe2 Qg6 33. Rd1 Ree8 34.
Bc1 Nb5 35. Re1 Bh6 36. Bxh6 Qxh6 37. Nc4 Qg5 38. Raa1 h5 39. Rad1 Nh7 40. Rxd8
Rxd8 41. Rd1 Rxd1+ 42. Qxd1 Qe7 43. h4 Nf8 44. Qd2 Qf6 1/2-1/2

[Event "Herren"]
[Site "?"]
[Date "1998.??.??"]
[Round "6.18"]
[White "Badestein, H."]
[Black "Kristiansen, E."]
[Result "1-0"]
[WhiteElo "2155"]
[BlackElo "2260"]
[PlyCount "102"]
[EventDate "1998.??.??"]

1. e4 e5 2. Nf3 Nc6 3. Bb5 a6 4. Ba4 Nf6 5. d3 b5 6. Bb3 Be7 7. c3 O-O 8. O-O
d6 9. h3 Na5 10. Bc2 c5 11. Nbd2 Nc6 12. Re1 Re8 13. Nf1 Bf8 14. Ng3 g6 15. Bg5
h6 16. Be3 Bg7 17. d4 cxd4 18. cxd4 Bb7 19. d5 Ne7 20. Qd2 Kh7 21. Qb4 Qd7 22.
a4 Rec8 23. Bd3 bxa4 24. Rxa4 Rcb8 25. Qa3 Ne8 26. Rc1 Rc8 27. Rxc8 Bxc8 28.
Nd2 f5 29. exf5 gxf5 30. Nc4 Qb7 31. Nb6 e4 32. Nxe4 fxe4 33. Rxe4 Kh8 34. Nxa8
Nf6 35. Qxd6 Neg8 36. Nb6 Bf5 37. Qf4 Bxe4 38. Bxe4 Nxe4 39. Qxe4 Bxb2 40. Bd4+
Bxd4 41. Qxd4+ Qg7 42. Qxg7+ Kxg7 43. Kf1 Kf6 44. Ke2 Ke5 45. Ke3 Nf6 46. f4+
Kd6 47. Kd4 h5 48. Nc4+ Ke7 49. Ke5 h4 50. d6+ Kf7 51. Kf5 Kg7 1-0

[Event "Herren"]
[Site "?"]
[Date "1998.??.??"]
[Round "6.19"]
[White "Cafferty, B."]
[Black "Pantaleev, D."]
[Result "1/2-1/2"]
[WhiteElo "2240"]
[BlackElo "2165"]
[PlyCount "43"]
[EventDate "1998.??.??"]

1. e4 c5 2. Nf3 Qa5 3. Nc3 Nc6 4. Bc4 g6 5. d3 Bg7 6. Bd2 Qd8 7. O-O e6 8. Be3
d6 9. d4 cxd4 10. Nxd4 a6 11. Qd2 Nf6 12. Rad1 Ne5 13. Be2 O-O 14. Nf3 Nxf3+
15. Bxf3 Ne8 16. Bh6 Qc7 17. Bxg7 Kxg7 18. Qe3 Bd7 19. Rd2 Rc8 20. Rfd1 Qc5 21.
Qd4+ Qxd4 22. Rxd4 1/2-1/2

[Event "Herren"]
[Site "?"]
[Date "1998.??.??"]
[Round "6.20"]
[White "Kramer, G."]
[Black "Somogyi, I."]
[Result "1/2-1/2"]
[WhiteElo "2155"]
[BlackElo "2230"]
[PlyCount "108"]
[EventDate "1998.??.??"]

1. d4 Nf6 2. c4 e6 3. Nc3 c5 4. d5 exd5 5. cxd5 d6 6. Nf3 g6 7. Bf4 Bg7 8. e4
O-O 9. Be2 a6 10. a4 Bg4 11. O-O Re8 12. Nd2 Bxe2 13. Qxe2 Nh5 14. Be3 Nd7 15.
a5 b5 16. axb6 Qxb6 17. Nc4 Qc7 18. Ra2 Nb6 19. Nd2 a5 20. Rfa1 Reb8 21. g4 Nf6
22. Bf4 Qd7 23. f3 a4 24. Qd1 Ne8 25. Qc2 Qe7 26. Kg2 Bd4 27. Bg3 Nc7 28. Rb1
Na6 29. Ra3 Nb4 30. Qd1 Qd7 31. h3 Be3 32. Nf1 Bd4 33. Qe2 Qe7 34. Re1 c4 35.
Rd1 Nd3 36. Rd2 Be5 37. Qe3 Bxg3 38. Nxg3 Qe5 39. Nge2 Nc5 40. Nd4 Qe8 41. Nc6
Rb7 42. Qg5 Nd3 43. Ne2 Nd7 44. Ra1 N7e5 45. Nxe5 Nxe5 46. Nd4 Nd3 47. Nc6 Nb4
48. Nxb4 Rxb4 49. Qf6 Ra6 50. h4 Qf8 51. Rc2 Rab6 52. Kf2 Qg7 53. Qd8+ Qf8 54.
Qf6 Qg7 1/2-1/2

[Event "Herren"]
[Site "?"]
[Date "1998.??.??"]
[Round "6.21"]
[White "Breustedt, W."]
[Black "Lainburg, V."]
[Result "1/2-1/2"]
[WhiteElo "2230"]
[BlackElo "2230"]
[PlyCount "64"]
[EventDate "1998.??.??"]

1. e4 g6 2. d4 Bg7 3. Nf3 d6 4. Be2 Nf6 5. Nbd2 O-O 6. O-O c6 7. c3 Qc7 8. e5
dxe5 9. Nxe5 Be6 10. Nd3 Nd5 11. Nf3 Nd7 12. c4 N5b6 13. Bf4 Qd8 14. b3 Bg4 15.
Be3 Nc8 16. Rc1 Nd6 17. h3 Bxf3 18. Bxf3 Nf5 19. d5 Nxe3 20. fxe3 cxd5 21. cxd5
Bh6 22. Qe2 Qb6 23. Kf2 Rac8 24. g3 Rfd8 25. Rxc8 Rxc8 26. Rc1 Rxc1 27. Nxc1
Qc7 28. Nd3 b6 29. e4 Nc5 30. Nxc5 Qxc5+ 31. Kg2 Qe3 32. Qxe3 Bxe3 1/2-1/2

[Event "Herren"]
[Site "?"]
[Date "1998.??.??"]
[Round "6.22"]
[White "Boeven, M."]
[Black "Biberger, H."]
[Result "0-1"]
[WhiteElo "2140"]
[BlackElo "2036"]
[PlyCount "64"]
[EventDate "1998.??.??"]

1. d4 c5 2. dxc5 Nc6 3. e4 e5 4. Nf3 Bxc5 5. Bc4 d6 6. c3 a5 7. a4 Nf6 8. Bg5
Bxf2+ 9. Ke2 Bc5 10. Rf1 h6 11. Bh4 g5 12. Bf2 Bxf2 13. Rxf2 Be6 14. Bxe6 fxe6
15. Nbd2 O-O 16. Qb3 Qe7 17. g3 d5 18. Qb5 dxe4 19. Nxe5 e3 20. Rxf6 Qxf6 21.
Ng4 Qg6 22. Nf3 Rf5 23. Qxb7 Raf8 24. Rf1 Nd8 25. Qe4 h5 26. Nxe3 g4 27. Nd2
R5f6 28. Qe5 Nc6 29. Qd6 e5 30. Qd5+ Kg7 31. Rxf6 Qxf6 32. Ne4 Qf3+ 0-1

[Event "Herren"]
[Site "?"]
[Date "1998.??.??"]
[Round "6.23"]
[White "Rosen, W."]
[Black "Lachmaier, F."]
[Result "1-0"]
[WhiteElo "2300"]
[BlackElo "1856"]
[PlyCount "39"]
[EventDate "1998.??.??"]

1. e4 c5 2. Nf3 d6 3. d4 cxd4 4. Nxd4 Nc6 5. Nc3 Nf6 6. f3 a6 7. Be3 e6 8. Qd2
Bd7 9. g4 Be7 10. O-O-O Qc7 11. g5 Nh5 12. f4 g6 13. Be2 Ng7 14. h4 O-O-O 15.
f5 gxf5 16. exf5 f6 17. fxe6 Bxe6 18. Nxe6 Nxe6 19. Nd5 Qb8 20. Bg4 1-0

[Event "Herren"]
[Site "?"]
[Date "1998.??.??"]
[Round "6.24"]
[White "Doehner, H."]
[Black "Rost, V."]
[Result "1-0"]
[WhiteElo "2058"]
[BlackElo "2280"]
[PlyCount "65"]
[EventDate "1998.??.??"]

1. e4 d6 2. d4 Nf6 3. Bd3 Nbd7 4. Nf3 e5 5. c3 Be7 6. O-O c6 7. Nbd2 Qc7 8. b3
Nf8 9. Bb2 Ng6 10. Rc1 Bg4 11. Re1 Rd8 12. c4 O-O 13. Qc2 Nh5 14. h3 Bc8 15.
dxe5 dxe5 16. c5 Bxc5 17. Nc4 f6 18. Bf1 Nhf4 19. Ncxe5 Bxf2+ 20. Qxf2 fxe5 21.
Rcd1 Rxd1 22. Rxd1 b6 23. Qg3 Qe7 24. Kh2 Qf6 25. Bc4+ Kh8 26. a4 a6 27. Ba3 c5
28. Bb2 h6 29. Rf1 29... Nh5 { } 30. Nxe5 Nxg3 31. Nxg6+ Qxg6 32. Rxf8+ Kh7 33.
Bg8+ 1-0

[Event "Herren"]
[Site "?"]
[Date "1998.??.??"]
[Round "6.25"]
[White "Springer, K."]
[Black "Usachyi, M."]
[Result "1/2-1/2"]
[WhiteElo "2050"]
[BlackElo "2255"]
[PlyCount "65"]
[EventDate "1998.??.??"]

1. e4 g6 2. d4 Bg7 3. Nf3 c6 4. Nc3 Nf6 5. e5 Nd5 6. Bd2 Nxc3 7. Bxc3 d5 8. Bd3
Bf5 9. Bxf5 gxf5 10. e6 O-O 11. Ng5 f6 12. Nh3 Qd6 13. Qe2 Bh6 14. O-O f4 15.
Qh5 Kg7 16. Rfe1 Na6 17. Bd2 Nc7 18. Qf5 Kh8 19. Bxf4 Bxf4 20. Qxf4 Rad8 21.
Qxd6 Rxd6 22. Nf4 Rg8 23. Re3 Rg4 24. g3 Rg8 25. Rae1 Kg7 26. Kg2 Rdd8 27. Kf3
Nb5 28. Rd3 Nd6 29. b3 b5 30. a3 Rb8 31. Ke2 Rb6 32. f3 Ra6 33. Ra1 1/2-1/2